[Event "ARM-ch Rapid 2019"]
[Site "Yerevan"]
[Date "2019.01.23"]
[Round "7.1"]
[White "Andriasian, Zaven"]
[Black "Sargsyan, Shant"]
[Result "1/2-1/2"]
[WhiteElo "2604"]
[BlackElo "2486"]
[Annotator "TA"]
[PlyCount "53"]
[EventDate "2019.01.22"]
[EventType "tourn"]
[EventCountry "ARM"]

{[%evp 17,53,17,20,-14,0,-2,0,0,15,22,27,16,17,15,15,8,14,5,37,13,17,11,7,8,59,6,18,-10,13,14,13,12,42,30,39,0,10,0]} 1. e4 e5 2. Bc4 Nf6 3. Nc3 Nxe4 4. Qh5 Nd6 5. Bb3 Be7 6. Nf3 Nc6 7. Nxe5 Nxe5 8. Qxe5 O-O {C27: Vienna Game: 2...Nf6 3 Bc4 Nxe4} 9. O-O Bf6 {LiveBook: 5 Publish game on website} 10. Qd5 (10. Qf4 Bg5 11. Qf3 Qf6 12. Qxf6 Bxf6 13. Nd5 Bd8 14. d4 Nf5 15. c3 c6 16. Ne3 {0-1 (97) Gurpreet,S (2231)-Sochacki,W (2350) Pardubice 2017}) 10... Ne8 11. Qf3 $146 ({You set blue moves yourself with the critical opening position annotation.:} 11. Ne4 c6 12. Qh5 d5 13. Nxf6+ Nxf6 14. Qd1 Qd6 15. f3 d4 16. d3 {1-0 (40) Ramp,O (1650)-Gebert,R (2071) Nakenstorf 2008}) 11... c6 12. Ne4 d5 13. Nxf6+ Qxf6 14. Qxf6 Nxf6 15. d3 Re8 16. Be3 Be6 17. Rfe1 b6 18. c3 Bf5 19. Bc2 Nd7 20. h3 Re6 (20... h5 $11) 21. Kf1 ({Better is} 21. g4 $14 Bg6 22. f4) 21... Rae8 22. Bf4 f6 (22... Nc5 {NOTEXT-192} 23. Rxe6 Nxe6 24. Re1 h5 25. Bg3 f6) 23. Rxe6 Rxe6 24. Re1 Kf7 25. Rxe6 Kxe6 26. Ke2 c5 27. Kd2 {NOTEXT-4805: Tournament = 53%, Annotator = 18%.} 1/2-1/2

[Event "ARM-ch Rapid 2019"]
[Site "Yerevan"]
[Date "2019.01.23"]
[Round "7.2"]
[White "Ter-Sahakyan, Samvel"]
[Black "Hovhannisyan, Robert"]
[Result "0-1"]
[WhiteElo "2574"]
[BlackElo "2637"]
[Annotator "TA"]
[PlyCount "151"]
[EventDate "2019.01.22"]
[EventType "tourn"]
[EventCountry "ARM"]

{[%evp 23,151,9,12,0,0,0,1,0,0,0,-5,-12,12,-6,-4,-52,-46,-61,-14,-14,-20,-16,-18,-24,0,0,0,0,0,0,0,0,0,0,0,0,0,0,0,0,0,0,0,0,0,0,0,0,0,0,6,0,31,8,42,0,0,0,0,0,0,0,0,0,0,0,-2,-2,0,-4,-2,-51,0,0,0,0,0,0,0,0,0,0,0,0,0,0,0,0,0,0,0,0,0,0,0,0,0,-8,-8,-8,-8,-260,-247,-425,-372,-437,-408,-379,-368,-764,-956,-1156,-1006,-1143,-1054,-1154,-1180,-1258,-1157,-1347,-1237,-2069,-1918,-1880,-1701,-2864,-2792,-29976,-29970,-29989]} 1. e4 e5 2. Nf3 Nc6 3. Bb5 Nf6 4. O-O Nxe4 5. Re1 Nd6 6. Nxe5 Be7 7. Bf1 Nxe5 8. Rxe5 O-O 9. d4 {[%cal Bd2d4,Bd4d5][%mdl 32]} Bf6 10. Re1 Re8 {C67: Ruy Lopez: Berlin Defence: 4 0-0 Nxe4} 11. Rxe8+ Nxe8 12. d5 d6 {LiveBook: 20 Games. The position is equal.} 13. a4 $146 ({Predecessor:} 13. Nd2 c6 14. Nc4 cxd5 15. Qxd5 Qe7 16. Ne3 Be6 17. Qf3 Rc8 18. c3 {1-0 (54) Harikrishna,P (2729)-Nakamura,H (2746) Kolkata 2018}) 13... c6 14. Nc3 Nc7 15. a5 Bxc3 16. bxc3 {[%cal Bb2c3,Bc3c4][%mdl 32]} Nxd5 17. c4 Nc7 {[%cal Bd5c7,Bc7e6,Be6c5][%mdl 32]} 18. Bb2 Bf5 19. Ra3 Ne6 20. Qd2 d5 21. cxd5 Qxd5 22. Qxd5 cxd5 23. Rb3 Nc5 24. Rb5 b6 25. axb6 axb6 26. Rxb6 Na4 27. Rb4 Nxb2 28. Rxb2 $11 {[%mdl 4096] Endgame KRB-KRB} g6 29. f3 Kg7 30. Kf2 Be6 31. Bd3 Kf6 32. Ke3 Ra4 33. g3 h6 34. h4 Ra1 35. Rb4 Re1+ 36. Kf2 Rc1 37. Ke3 Ke5 38. f4+ Kf6 39. Rb6 (39. h5 $5) 39... h5 40. Kf2 Kg7 41. Ke3 Re1+ 42. Kf2 Rh1 43. Kg2 Rd1 44. Kf2 Rd2+ 45. Ke3 Rg2 46. Kf3 Rh2 47. Rd6 Kf6 (47... Bg4+ $15 48. Ke3 Rg2) 48. Ra6 Ke7 49. Ra7+ Kd6 50. Ra6+ Kc5 51. Ra5+ Kd4 {[%csl Gh5][%cal Re6g4] [#]} 52. Ra4+ Kc3 53. Ra3+ Kd2 {[%csl Gh5][%cal Re6g4]} 54. f5 $1 {[%cal Rf5e6]} gxf5 55. Ra2 Kc3 56. Ra1 d4 57. Ra5 Rh1 58. Rc5+ Kd2 59. Kf4 f6 60. Rc6 Rh2 {[%cal Rh2f2] [#]} 61. g4 $1 Bd5 62. Rxf6 $2 {[%mdl 8192]} (62. Rd6 $11 Rf2+ 63. Kg3 Rg2+ 64. Kf4 Rxg4+ {[%mdl 64] Double Attack} 65. Kxf5) 62... fxg4 $19 {Threatens to win with ...Rf2+.} 63. Rg6 $2 (63. Rf5 Bf7 64. Rb5) 63... Rf2+ 64. Ke5 Bf3 65. Kxd4 Rh2 66. Bf5 $2 (66. Ke5 Ke1 67. Rg5) 66... Rxh4 67. Ke5 Ke3 68. c4 Rh1 69. Ra6 Rc1 70. Be6 Rc3 71. Bd5 h4 {[%cal Bh5h4,Bh4h3,Bh3h2][%mdl 32]} 72. Rh6 h3 73. Be6 Rc2 74. Kd6 h2 75. c5 g3 76. Rf6 {Accuracy: White = 52%, Black = 83%.} 0-1

[Event "ARM-ch Rapid 2019"]
[Site "Yerevan"]
[Date "2019.01.23"]
[Round "7.3"]
[White "Hakobyan, Aram"]
[Black "Martirosyan, Haik M."]
[Result "0-1"]
[WhiteElo "2545"]
[BlackElo "2607"]
[Annotator "TA"]
[PlyCount "157"]
[EventDate "2019.01.22"]
[EventType "tourn"]
[EventCountry "ARM"]

{[%evp 15,157,18,31,31,36,0,0,0,-10,0,0,0,0,0,0,0,0,0,0,0,0,0,10,0,0,0,17,13,68,66,77,75,94,7,59,54,58,45,49,50,63,21,41,18,20,26,90,28,27,31,54,57,54,74,85,85,82,0,49,50,46,41,66,34,34,0,69,59,92,10,49,0,87,95,121,130,120,80,107,0,112,0,96,96,121,116,120,112,141,96,191,192,152,56,81,75,102,82,112,129,108,113,101,49,75,53,58,70,70,46,47,33,24,14,42,27,28,35,36,0,29,0,0,0,0,0,0,0,0,0,0,0,0,0,129,0,0,-698,-689,-670,-662,-558,-175,-393]} 1. d4 Nf6 2. Nf3 e6 3. c4 b6 4. a3 Bb7 5. Nc3 Ne4 6. Nxe4 Bxe4 7. e3 Be7 8. Bd3 {E12: Queen's Indian: Unusual White 4th moves, 4 a3, 4 Nc3 Bb7 5 a3 and 4 Nc3 Bb7} d5 {LiveBook: 6 Games} (8... Bxd3 9. Qxd3 d5 10. O-O O-O 11. Bd2 c6 12. Rac1 Nd7 13. cxd5 cxd5 14. Qa6 Bd6 15. Rc2 e5 16. dxe5 Nxe5 17. Nxe5 Bxe5 {0-1 (47) Riazantsev,A (2649)-Yakubboev,N (2556) St Petersburg 2018}) 9. O-O O-O 10. cxd5 {White is slightly better.} Qxd5 11. Qc2 $146 ({Predecessor:} 11. Bxe4 Qxe4 12. Bd2 Nd7 13. Qe2 Rfd8 14. Bb4 c5 15. dxc5 Nxc5 {0-1 (32) Turowski,P (1602)-Thoma,E (1857) GER email 2012}) 11... Bxd3 12. Qxd3 c5 13. e4 Qd7 14. Be3 cxd4 15. Qxd4 Qb7 16. Rfd1 Bc5 17. Qc3 Bxe3 18. Qxe3 Nc6 19. Rd6 Rad8 20. Rad1 Qc7 21. e5 Ne7 (21... Rxd6 $11 22. exd6 Qd7) 22. Qd3 $1 $14 Rde8 $1 23. Rd7 Qb8 24. Ng5 (24. Qd6 $1 $16 {[%cal Rd6b8] Strongly threatening Qxb8.} Nd5 25. Qxb8 Rxb8 26. Rxa7) 24... Ng6 (24... Nf5 $11) 25. f4 $1 Qc8 26. g3 ({But not} 26. Rxa7 Rd8 $11) 26... h6 27. Ne4 Re7 28. Nc3 Qc5+ 29. Kg2 Qc6+ 30. Kf2 Rc8 (30... Rxd7 $11 {remains equal.} 31. Qxd7 Qa8) 31. Rd8+ ({White should play} 31. Qd6 $16 Qxd6 32. R1xd6 (32. R7xd6 Kh7 $16)) 31... Rxd8 $11 32. Qxd8+ Kh7 33. h4 {[%cal Bh2h4,Bh4h5][%mdl 32]} Rc7 34. h5 Ne7 35. Qd3+ Kg8 36. Qd8+ Kh7 37. Qd6 Qb7 38. Qd3+ Kg8 39. Qd8+ Kh7 40. Qd3+ Kg8 41. g4 b5 42. Qd8+ ({Don't play} 42. Nxb5 $6 Rc5 $11) 42... Kh7 43. Qd3+ $40 {[%mdl 192] Double Attack. White has some attack.} Kg8 44. Qxb5 Qc8 45. Qd3 Qb7 46. Qd8+ Kh7 47. Qd3+ Kg8 $1 48. Qb5 Qc8 49. Rd2 Qa8 50. Qd3 Rc8 51. Qe4 Qb8 52. Kg3 Qb6 (52... a5 $16) 53. Qd4 $1 $18 Qb3 {[#]} 54. Qd3 ({Better is} 54. Qd7 $1 $16) 54... Qb6 $14 55. Kg2 a5 {[#]} 56. Qd7 $1 {[%cal Rd7e7]} Kf8 57. Qd6 Qb7+ 58. Kg3 {Threatening mate with Qd8+!} Re8 59. Qd3 (59. Qd4 $16) 59... Qh1 60. Qe4 Qc1 61. Qe3 Qh1 62. Qf3 Qg1+ 63. Kh3 Rc8 64. Rd1 Qb6 65. Qd3 Kg8 66. Rd2 Qg1 67. Qf3 Rb8 68. Qf2 Qh1+ 69. Kg3 Nd5 70. Qg2 Qe1+ 71. Qf2 Qh1 72. Qg2 Qc1 73. Nxd5 exd5 74. Qxd5 $11 {KQR-KQR} Qe1+ (74... Qg1+ $11 75. Kf3 a4) 75. Kf3 ({White has to play} 75. Kg2 $16) 75... a4 {[%cal Ba5a4,Ba4b3][%mdl 32] Hoping for ...Rb3+.} 76. b4 $2 {[%mdl 8192]} (76. Kg2 $11) 76... axb3 $19 77. Qd6 Rc8 {White must now prevent ...Rc3+.} 78. Qd4 Qc1 $2 (78... Qh4 {aiming for ...Qh3+.} 79. a4 Qh3+ 80. Ke4 Qxg4) 79. Ke2 $2 {Accuracy: White = 39%, Black = 58%.} (79. Kf2) 0-1

[Event "ARM-ch Rapid 2019"]
[Site "Yerevan"]
[Date "2019.01.23"]
[Round "7.4"]
[White "Mikaelyan, Arman"]
[Black "Harutyunian, Tigran K."]
[Result "1-0"]
[WhiteElo "2474"]
[BlackElo "2542"]
[Annotator "TA"]
[PlyCount "93"]
[EventDate "2019.01.22"]
[EventType "tourn"]
[EventCountry "ARM"]

{[%evp 21,93,22,30,25,20,-3,18,-19,-21,-23,-28,-30,-26,-33,-7,-19,133,133,136,133,132,128,145,140,152,152,152,152,152,152,138,136,123,79,196,200,207,207,207,127,207,207,295,290,417,417,623,618,606,545,585,593,565,419,604,608,680,643,870,824,852,852,6087,6087,5297,5293,2208,3504,5065,2199,1369,1338,29991,29992]} 1. d4 Nf6 2. c4 e6 3. Nf3 d5 4. Nc3 Bb4 5. Qa4+ Nc6 6. e3 O-O 7. Qc2 {D38: Queen's Gambit Declined: Ragozin Defence (4 Nf3 Bb4)} dxc4 (7... Re8 8. Bd2 Bf8 9. a3 e5 10. dxe5 Nxe5 11. cxd5 Nxf3+ 12. gxf3 Nxd5 13. Bd3 Nxc3 14. Bxc3 Qh4 {1-0 (45) Navara,D (2733)-Piorun,K (2634) Germany 2018}) 8. Bxc4 Bd6 9. Bd2 a6 10. a3 e5 11. dxe5 Nxe5 {LiveBook: 8 Games} 12. Nxe5 Bxe5 13. O-O-O {[#]} Qe7 $146 14. f4 Bxc3 $1 15. Bxc3 Qxe3+ 16. Kb1 Qxf4 17. Bd3 Bg4 18. Rdf1 Qd6 $2 {[#]} ({Better is} 18... Qh6 $1 $11) 19. Rxf6 $1 $16 {[%mdl 512]} gxf6 20. Bxh7+ Kg7 21. Rf1 Rfe8 {aiming for ...Re6.} 22. Bxf6+ Qxf6 23. Rxf6 Kxf6 24. Qf2+ ({Worse is} 24. Qxc7 Re1+ 25. Ka2 Be6+ 26. b3 Re2+ 27. Ka1 Rc8 $11) 24... Kg7 25. Bc2 {[%mdl 1024] White has strong compensation.} Be6 26. Qg3+ Kf8 27. h4 {[%cal Bh2h4,Bh4h5,Bh5h6,Bh6h7][%mdl 32]} Rad8 {[#]} (27... Bd5 $16 {is a better defense.}) 28. h5 $1 $18 ({Don't take} 28. Qxc7 $6 Rd2 $16) 28... Rd5 29. h6 Rh5 {[#] And now ...Rh1+ would win.} 30. Qg7+ $1 Ke7 31. b3 {[%cal Bb2b3,Bb3a4][%mdl 32]} a5 (31... Kd7 $142 32. h7 Kc8) 32. h7 a4 (32... Kd7 {might work better.} 33. g4 Rh1+ 34. Kb2 Kc8) 33. bxa4 b6 (33... Kd8 $142 34. Kb2 Kc8) 34. Kb2 Rd8 35. Qg3 Kd7 36. Qf3 Rh6 37. Qe3 Rh2 (37... Rh1 $142 38. Qe5 Kc8) 38. Qe5 Rh6 {[#]} 39. g4 $1 {[%cal Bg2g4,Bg4g5,Bg5g6][%mdl 544]} Kc8 (39... Bxg4 40. Qf4) 40. g5 Rh5 41. Qf6 Bc4 42. Bf5+ Be6 43. Bxe6+ fxe6 44. g6 Rh2+ 45. Kc3 Rh3+ 46. Kc4 Kb7 47. Qxd8 {Accuracy: White = 84%, Black = 34%.} 1-0

[Event "ARM-ch Rapid 2019"]
[Site "Yerevan"]
[Date "2019.01.23"]
[Round "7.5"]
[White "Davtyan, Artur"]
[Black "Petrosyan, Manuel"]
[Result "0-1"]
[WhiteElo "2396"]
[BlackElo "2579"]
[Annotator "TA"]
[PlyCount "100"]
[EventDate "2019.01.22"]
[EventType "tourn"]
[EventCountry "ARM"]

{[%evp 13,100,4,8,0,-10,-2,9,-7,8,-2,6,11,0,0,21,21,25,32,30,25,32,33,32,24,30,29,24,21,23,23,23,14,21,15,14,6,17,12,14,0,0,0,12,-4,18,-4,20,0,0,-27,-37,-46,-51,-35,-27,-68,-66,-163,-166,-168,-166,-441,-441,-437,-430,-731,-733,-731,-735,-607,-590,-1193,-1021,-1515,-1472,-4794,-4725,-6252,-6609,-5909,-5897,-29970,-29973,-29973,-29974,-29972,-29975,-29972,-29973]} 1. d4 d5 2. c4 c6 3. Nf3 Nf6 4. e3 e6 5. b3 Nbd7 6. Be2 Bd6 7. O-O O-O 8. Ba3 {D30: Queen's Gambit Declined: Systems without Nc3} (8. Bb2 b6 9. Nbd2 Bb7 10. Qc2 c5 11. cxd5 exd5 12. Rac1 Re8 13. Rfd1 Qe7 14. Qf5 a6 15. Qh3 Rad8 {1-0 (35) Korley,K (2426)-Aaron,D (2346) ICC INT 2014}) 8... Bxa3 9. Nxa3 Qe7 10. Nc2 {The position is equal.} e5 11. dxe5 Nxe5 12. Nxe5 $146 ({Predecessor:} 12. Qd4 Nxf3+ 13. Bxf3 c5 14. Qf4 dxc4 15. bxc4 Be6 {0-1 (53) Heim,F-Daub,W Hessen 1991}) 12... Qxe5 13. Qd4 Qf5 14. Rac1 Qg6 15. cxd5 Bf5 16. Nb4 a5 17. Nd3 {[#] And now Ne5 would win.} Nxd5 18. Rfd1 Bxd3 19. Bxd3 Qf6 $1 20. Be4 Qxd4 21. Rxd4 Nf6 22. Bf3 Rfd8 23. Rcd1 Rxd4 24. Rxd4 $11 {[%mdl 4096] Endgame KRB-KRN} Kf8 25. Ra4 Ra6 26. Be2 b5 27. Rd4 Ke7 28. g3 c5 29. Rd2 (29. Rf4 {feels hotter.} Rb6 30. Rf5 Nd7 31. Rd5 a4 32. e4) 29... Rb6 30. Rc2 Nd7 31. Kg2 c4 32. bxc4 b4 $1 33. Rd2 {Threatening Rd5.} a4 {[%cal Ba5a4,Ba4a3,Ba3a2][%mdl 32]} 34. Bd1 Nc5 35. Rd5 (35. Kf3 $1 $15) 35... b3 $19 36. axb3 {[#]} a3 $1 {[%cal Ra3a2]} 37. Bc2 $2 (37. Rxc5 {is a better defense.} Ra6 38. b4) 37... a2 38. Rd1 {Hoping for Ra1.} Nxb3 39. Bxb3 (39. h4 $142) 39... Rxb3 {KR-KR} 40. Ra1 Rb2 41. Kf3 Kd6 42. e4 Kc5 43. Ke3 Kxc4 44. f4 Kb3 45. e5 Rb1 46. Rxa2 Kxa2 47. f5 Rb4 {Black mates.} 48. Kd3 Kb3 49. h3 Ka4 50. g4 Kb5 {Accuracy: White = 33%, Black = 76%.} 0-1

[Event "ARM-ch Rapid 2019"]
[Site "Yerevan"]
[Date "2019.01.23"]
[Round "7.6"]
[White "Alaverdyan, Gevorg"]
[Black "Yegiazarian, Arsen"]
[Result "1/2-1/2"]
[WhiteElo "2261"]
[BlackElo "2399"]
[PlyCount "101"]
[EventDate "2019.01.22"]
[EventType "tourn"]
[EventCountry "ARM"]
[TimeControl "40/5400+30:1800+30"]
[WhiteClock "0:00:50"]
[BlackClock "0:00:22"]

1. Nf3 {[%emt 1:15:13]} c5 {[%emt 1:15:12]} 2. g3 {[%emt 0:00:23]} Nc6 {[%emt 0:00:23]} 3. Bg2 {[%emt 0:00:22]} g6 {[%emt 0:00:22]} 4. c3 {[%emt 0:00:22]} Bg7 {[%emt 0:00:23]} 5. O-O {[%emt 0:00:24]} d5 {[%emt 0:00:25]} 6. d4 {[%emt 0:00:22]} cxd4 {[%emt 0:00:25]} 7. cxd4 {[%emt 0:00:22]} e6 {[%emt 0:00:32]} 8. Nc3 {[%emt 0:00:25]} Nge7 {[%emt 0:00:22]} 9. e3 {[%emt 0:02:49]} O-O {[%emt 0:00:24]} 10. b3 {[%emt 0:01:05]} b6 {[%emt 0:00:23]} 11. Ba3 {[%emt 0:00:27]} Ba6 {[%emt 0:01:13]} 12. Re1 {[%emt 0:00:22]} Qd7 {[%emt 0:00:41]} 13. Rc1 {[%emt 0:01:10]} Rfd8 {[%emt 0:01:05]} 14. Bf1 {[%emt 0:00:50]} Bxf1 {[%emt 0:00:26]} 15. Rxf1 {[%emt 0:00:22]} Rac8 {[%emt 0:00:31]} 16. Qd3 {[%emt 0:00:29]} Qb7 {[%emt 0:00:23]} 17. Rc2 {[%emt 0:00:30]} Nf5 {[%emt 0:01:34]} 18. Rfc1 {[%emt 0:00:32]} e5 {[%emt 0:01:09]} 19. dxe5 {[%emt 0:05:13]} d4 {[%emt 0:05:19]} 20. Nd5 {[%emt 0:03:11]} Rxd5 {[%emt 0:00:38]} 21. e4 {[%emt 0:00:31]} Rdd8 {[%emt 0:04:31]} 22. exf5 {[%emt 0:00:25]} Nxe5 {[%emt 0:00:26]} 23. Nxe5 {[%emt 0:02:38]} Bxe5 {[%emt 0:00:22]} 24. Re2 {[%emt 0:03:04]} Rxc1+ {[%emt 0:00:39]} 25. Bxc1 {[%emt 0:00:20]} Bf6 {[%emt 0:00:29]} 26. g4 {[%emt 0:00:47]} Qd5 {[%emt 0:01:45]} 27. g5 {[%emt 0:00:23]} Bg7 {[%emt 0:00:43]} 28. f6 {[%emt 0:00:22]} Bf8 {[%emt 0:00:21]} 29. Bf4 {[%emt 0:00:40]} h6 {[%emt 0:00:42]} 30. h4 {[%emt 0:00:31]} Rc8 {[%emt 0:00:29]} 31. Bd2 {[%emt 0:00:22]} Qd7 {[%emt 0:00:58]} 32. Qe4 {[%emt 0:00:37]} Rd8 {[%emt 0:00:45]} 33. Kg2 {[%emt 0:00:26]} Qb5 {[%emt 0:00:34]} 34. h5 {[%emt 0:00:30]} d3 {[%emt 0:01:57]} 35. Re1 {[%emt 0:00:21]} Kh7 {[%emt 0:00:41]} 36. hxg6+ {[%emt 0:00:30]} fxg6 {[%emt 0:00:30]} 37. a4 {[%emt 0:00:21]} Qxb3 {[%emt 0:00:21]} 38. Qb7+ {[%emt 0:00:29]} Kg8 {[%emt 0:00:20]} 39. gxh6 {[%emt 0:00:56]} Qf7 {[%emt 0:00:27]} 40. Qxf7+ {[%emt 0:00:32]} Kxf7 {[%emt 0:00:21]} 41. h7 {[%emt 0:30:21]} Bc5 {[%emt 0:30:28]} 42. Rh1 {[%emt 0:00:37]} Rh8 {[%emt 0:00:21]} 43. Bc3 {[%emt 0:00:30]} d2 {[%emt 0:00:46]} 44. Kf3 {[%emt 0:00:25]} g5 {[%emt 0:00:58]} 45. Ke2 {[%emt 0:00:25]} Kg6 {[%emt 0:00:32]} 46. Bxd2 {[%emt 0:00:24]} Rxh7 {[%emt 0:00:23]} 47. Rxh7 {[%emt 0:00:23]} Kxh7 {[%emt 0:00:21]} 48. Bxg5 {[%emt 0:00:21]} Kg6 {[%emt 0:00:20]} 49. Bh4 {[%emt 0:00:44]} a6 {[%emt 0:00:25]} 50. Kd3 {[%emt 0:00:50]} b5 {[%emt 0:00:25]} 51. Ke4 {[%emt 0:00:30]} 1/2-1/2

[Event "ARM-ch Rapid 2019"]
[Site "Yerevan"]
[Date "2019.01.23"]
[Round "7.7"]
[White "Chibukhchian, Artur"]
[Black "Gharagyozyan, Artur"]
[Result "1/2-1/2"]
[WhiteElo "2384"]
[BlackElo "2253"]
[PlyCount "145"]
[EventDate "2019.01.22"]
[EventType "tourn"]
[EventCountry "ARM"]
[TimeControl "40/5400+30:1800+30"]
[WhiteClock "0:01:53"]
[BlackClock "0:00:23"]

1. d4 {[%emt 1:15:47]} Nf6 {[%emt 1:15:19]} 2. c4 {[%emt 0:00:25]} e6 {[%emt 0:00:31]} 3. Nf3 {[%emt 0:00:26]} Bb4+ {[%emt 0:00:24]} 4. Bd2 {[%emt 0:00:23]} Be7 {[%emt 0:00:22]} 5. Nc3 {[%emt 0:00:30]} d5 {[%emt 0:00:22]} 6. Bg5 {[%emt 0:00:34]} c6 {[%emt 0:00:31]} 7. e3 {[%emt 0:00:26]} O-O {[%emt 0:00:26]} 8. Qc2 {[%emt 0:00:31]} Nbd7 {[%emt 0:00:26]} 9. a3 {[%emt 0:00:25]} b6 {[%emt 0:01:05]} 10. cxd5 {[%emt 0:00:51]} cxd5 {[%emt 0:00:29]} 11. Bd3 {[%emt 0:00:35]} Bb7 {[%emt 0:00:37]} 12. Ne5 {[%emt 0:02:55]} h6 {[%emt 0:00:54]} 13. Bf4 {[%emt 0:03:33]} Nxe5 {[%emt 0:00:28]} 14. Bxe5 {[%emt 0:00:28]} Rc8 {[%emt 0:00:39]} 15. O-O {[%emt 0:00:46]} Ne4 {[%emt 0:01:08]} 16. Bxe4 {[%emt 0:00:35]} dxe4 {[%emt 0:00:22]} 17. Rfc1 {[%emt 0:00:22]} Bd6 {[%emt 0:01:52]} 18. Bxd6 {[%emt 0:00:46]} Qxd6 {[%emt 0:00:24]} 19. Qa4 {[%emt 0:01:08]} a6 {[%emt 0:02:03]} 20. Ne2 {[%emt 0:01:13]} Kh7 {[%emt 0:00:54]} 21. h3 {[%emt 0:00:42]} f5 {[%emt 0:00:36]} 22. Qd1 {[%emt 0:03:29]} g5 {[%emt 0:00:40]} 23. Rxc8 {[%emt 0:00:25]} Rxc8 {[%emt 0:01:05]} 24. Rc1 {[%emt 0:01:00]} Rf8 {[%emt 0:00:23]} 25. Qc2 {[%emt 0:02:41]} Rf7 {[%emt 0:00:23]} 26. Qb1 {[%emt 0:00:47]} Kg7 {[%emt 0:01:12]} 27. b4 {[%emt 0:01:08]} f4 {[%emt 0:04:01]} 28. Qc2 {[%emt 0:00:30]} Bd5 {[%emt 0:00:00]} 29. Qa4 {[%emt 0:00:35]} b5 {[%emt 0:00:09]} 30. Qc2 {[%emt 0:00:21]} Bc4 {[%emt 0:00:31]} 31. Nc3 {[%emt 0:00:21]} fxe3 {[%emt 0:00:51]} 32. fxe3 {[%emt 0:00:23]} Qg3 {[%emt 0:01:48]} 33. Qxe4 {[%emt 0:00:21]} Qf2+ {[%emt 0:01:05]} 34. Kh2 {[%emt 0:00:26]} Qd2 {[%emt 0:00:31]} 35. Rc2 {[%emt 0:00:44]} Qe1 {[%emt 0:00:23]} 36. Qe5+ {[%emt 0:00:24]} Kg8 {[%emt 0:00:36]} 37. Ne4 {[%emt 0:01:23]} Qb1 {[%emt 0:01:45]} 38. Rf2 {[%emt 0:00:27]} Rxf2 {[%emt 0:00:51]} 39. Nxf2 {[%emt 0:00:21]} Qb2 {[%emt 0:00:44]} 40. Qf6 {[%emt 0:00:34]} Qxa3 {[%emt 0:00:41]} 41. Qg6+ {[%emt 0:30:29]} Kf8 {[%emt 0:30:24]} 42. Qxh6+ {[%emt 0:00:22]} Ke8 {[%emt 0:00:26]} 43. Qg6+ {[%emt 0:00:39]} Kd7 {[%emt 0:00:27]} 44. Qf7+ {[%emt 0:00:33]} Kd8 {[%emt 0:00:55]} 45. Qf8+ {[%emt 0:00:28]} Kc7 {[%emt 0:00:40]} 46. Ng4 {[%emt 0:00:32]} Bd5 {[%emt 0:00:45]} 47. Qe7+ {[%emt 0:00:30]} Kc8 {[%emt 0:00:26]} 48. Qe8+ {[%emt 0:00:34]} Kc7 {[%emt 0:00:24]} 49. Qe7+ {[%emt 0:00:28]} Kc8 {[%emt 0:00:23]} 50. Qxg5 {[%emt 0:00:24]} Qxb4 {[%emt 0:00:29]} 51. Qg8+ {[%emt 0:00:39]} Kc7 {[%emt 0:00:22]} 52. Qg7+ {[%emt 0:00:26]} Kc8 {[%emt 0:00:21]} 53. h4 {[%emt 0:00:29]} Qd2 {[%emt 0:00:55]} 54. Qg8+ {[%emt 0:00:34]} Kb7 {[%emt 0:00:27]} 55. Qf7+ {[%emt 0:00:28]} Kb6 {[%emt 0:00:22]} 56. Qf2 {[%emt 0:00:24]} Qc1 {[%emt 0:00:56]} 57. e4 {[%emt 0:00:38]} Bxe4 {[%emt 0:00:27]} 58. d5+ {[%emt 0:00:21]} Kb7 {[%emt 0:00:21]} 59. dxe6 {[%emt 0:00:27]} b4 {[%emt 0:00:33]} 60. Qf7+ {[%emt 0:00:31]} Qc7+ {[%emt 0:00:34]} 61. Qxc7+ {[%emt 0:00:42]} Kxc7 {[%emt 0:00:22]} 62. e7 {[%emt 0:00:25]} Bg6 {[%emt 0:00:21]} 63. Ne5 {[%emt 0:00:28]} Be8 {[%emt 0:00:21]} 64. g4 {[%emt 0:00:37]} Kd6 {[%emt 0:00:21]} 65. Nd3 {[%emt 0:00:28]} a5 {[%emt 0:00:26]} 66. h5 {[%emt 0:00:25]} Kxe7 {[%emt 0:00:23]} 67. Kg3 {[%emt 0:00:34]} b3 {[%emt 0:00:21]} 68. Nb2 {[%emt 0:00:31]} a4 {[%emt 0:00:21]} 69. Nc4 {[%emt 0:00:20]} Bb5 {[%emt 0:00:47]} 70. Na3 {[%emt 0:00:37]} Bd3 {[%emt 0:00:32]} 71. Kf4 {[%emt 0:00:29]} b2 {[%emt 0:00:44]} 72. Ke3 {[%emt 0:00:24]} b1=Q {[%emt 0:01:00]} 73. Nxb1 {[%emt 0:00:30]} 1/2-1/2

[Event "ARM-ch Rapid 2019"]
[Site "Yerevan"]
[Date "2019.01.23"]
[Round "7.8"]
[White "Manukyan, Sargis V."]
[Black "Hayrapetyan, Arman Ash."]
[Result "0-1"]
[WhiteElo "2282"]
[BlackElo "2375"]
[PlyCount "63"]
[EventDate "2019.01.22"]
[EventType "tourn"]
[EventCountry "ARM"]
[TimeControl "40/5400+30:1800+30"]
[WhiteClock "0:05:02"]
[BlackClock "0:00:20"]

1. Nf3 {[%emt 1:15:13]} Nf6 {[%emt 1:15:30]} 2. c4 {[%emt 0:00:21]} c5 {[%emt 0:00:26]} 3. Nc3 {[%emt 0:00:26]} Nc6 {[%emt 0:00:21]} 4. g3 {[%emt 0:00:22]} g6 {[%emt 0:00:32]} 5. Bg2 {[%emt 0:00:22]} d6 {[%emt 0:00:22]} 6. a3 {[%emt 0:00:27]} Bg7 {[%emt 0:00:23]} 7. Rb1 {[%emt 0:00:22]} a5 {[%emt 0:00:43]} 8. O-O {[%emt 0:00:25]} O-O {[%emt 0:00:21]} 9. d3 {[%emt 0:01:32]} h6 {[%emt 0:02:22]} 10. Ne1 {[%emt 0:01:49]} Qc7 {[%emt 0:04:02]} 11. Nc2 {[%emt 0:00:30]} b6 {[%emt 0:00:24]} 12. b4 {[%emt 0:04:02]} axb4 {[%emt 0:00:22]} 13. axb4 {[%emt 0:00:21]} Bb7 {[%emt 0:00:21]} 14. Bd2 {[%emt 0:03:41]} Kh7 {[%emt 0:02:08]} 15. Rb3 {[%emt 0:01:51]} Rfb8 {[%emt 0:01:01]} 16. Qb1 {[%emt 0:00:34]} Nd8 {[%emt 0:01:31]} 17. Bxb7 {[%emt 0:01:53]} Rxb7 {[%emt 0:00:21]} 18. bxc5 {[%emt 0:00:39]} bxc5 {[%emt 0:00:32]} 19. Rxb7 {[%emt 0:00:21]} Nxb7 {[%emt 0:00:21]} 20. Ne3 {[%emt 0:01:07]} e6 {[%emt 0:01:48]} 21. Nb5 {[%emt 0:00:23]} Qd7 {[%emt 0:01:11]} 22. Bc3 {[%emt 0:00:21]} d5 {[%emt 0:00:38]} 23. Bxf6 {[%emt 0:01:42]} Bxf6 {[%emt 0:00:22]} 24. cxd5 {[%emt 0:01:23]} exd5 {[%emt 0:00:22]} 25. Qb3 {[%emt 0:00:21]} Rd8 {[%emt 0:00:22]} 26. Ng2 {[%emt 0:01:12]} Na5 {[%emt 0:01:10]} 27. Qa4 {[%emt 0:00:27]} Nc6 {[%emt 0:00:22]} 28. Rc1 {[%emt 0:00:38]} Nd4 {[%emt 0:00:32]} 29. Rxc5 {[%emt 0:00:31]} Rb8 {[%emt 0:00:35]} 30. Nf4 {[%emt 0:01:03]} Rxb5 {[%emt 0:00:34]} 31. Nxd5 {[%emt 0:00:59]} Rb1+ {[%emt 0:00:29]} 32. Kg2 {[%emt 0:00:22]} 0-1